000 00769nam a2200205 a 4500
005 20260112063249.0
020 _a9780749453015
039 _a202110111210
_bstaff
_c201502101316
_d staff
_c201212270016
_d staff
_c201212050053
_d staff
_y 201003160326
_z staff
082 _a658.7
_bWAT [ Shelf 65 ]
100 _aWaters, C. D. J.
_q (C. Donald J.),
_d 1949-
245 _aSupply chain risk management :
_bvulnerability and resilience in logistics /
_cDonald Waters.
260 _aLondon ;
_aPhiladelphia :
_bKogan Page,
_cc2007.
300 _a256p.
_c24cm.
500 _aIncludes index.
650 _aBusiness logistics.
650 _aRisk management.
991 _aVIRTUA40
991 _aVTLSSORT0080*0200*0820*1000*2450*2600*3000*5000*6500*6501*9992
909 _a2361
999 _c2262
_d2262